00482nam a22001937a 450000500170000001000110001702000210002803500110004903700160006004000120007608200130008810000190010124500410012026000310016127000310019230000210022365000160024465000280026020170124110106.0 a709981 c00.00a856340022 a709981 bCen Lib/Ret aDPLbEN a921bWIL aWilliams, Alan aThe Beria papers /cby Alan Williams aLondonbBlond Briggsc1973 bLondona56, Doughty Street a271p. c21cm(Hb) aPoliticians aSoviet Union -- Fiction